The Austrian bride /

Αποθηκεύτηκε σε:
Λεπτομέρειες βιβλιογραφικής εγγραφής
Κύριος συγγραφέας: McDonald, Eva, 1909-
Μορφή: Βιβλίο
Γλώσσα:English
Έκδοση: London : Robert Hale, 1968.
LEADER 00718nam a2200205 a 4500
001 c000090437
003 CARM
005 00000000000000.0
008 930723s1968 enk 00011 eng d
019 1 |a 10105800  |5 LACONCORD2021 
035 |a (OCoLC)30271263  |5 LACONCORD2021 
040 |a VLINC  |c VLINC 
100 1 |a McDonald, Eva,  |d 1909- 
245 1 4 |a The Austrian bride /  |c Eva McDonald. 
260 |a London :  |b Robert Hale,  |c 1968. 
300 |a 192 p. :  |c 21 cm. 
852 8 |b CARM  |h A2:AD32C0  |i B02723  |p 0119982  |f BK 
082 0 4 |a 823.914  |2 20 
999 f f |i 16bc6f99-241f-53ce-91f3-b7241ec89735  |s ea043e8b-cd7a-5e23-9d65-1b44f7585fdd 
952 f f |p Can circulate  |a CAVAL  |b CAVAL  |c CAVAL  |d CARM 1 Store  |e B02723  |f A2:AD32C0  |h Other scheme  |i book  |m 0119982